000 005140000a22001930004500
999 _c47396
_d47396
001 138
003 CO-MdFUSB
005 20171025162730.0
008 171025b xxu||||| |||| 00| 0 eng d
020 _a2-215-07277-6
040 _cCO-MdBIC
082 0 4 _a868HC M323s
245 1 0 _aAviso de tempestad, Coleccion dirigida por Christophe Savouré, traduccíon : Addenda
260 _aParís : Fleurus
300 _a180 P.
500 _a6 Historias de salvamento
650 1 4 _aLiteratura Infantil
942 _cLGB